Datum a čas kvízu
32.5
Celkem bodů
Celkový počet nahraných bodů na tomto kvízu bez doplňovacích otázek.
2.
Pořadí na kvízu
Konečné umístění týmu na tomto kvízu.
Zaznamenané odpovědi
| # | Otázka | Odpověď | Body | Výsledky |
|---|---|---|---|---|
| 1. | Šedesát kriticky ohrožených hl... | sysel | 0 | |
| 2. | Minulý týden vysoudil v Argent... | byl vyfotografován nahý (na svém pozemku) | 1 | |
| 3. | Hudební festival Pop Messe při... | Brno | 1 | |
| 4. | Minulý týden bylo zveřejněno h... | Kapské Město | 1 | |
| 5. | Závěrečnou 21. etapou byl v ne... | Wout van Aert | 0 | |
| 6. | Ve stejný den na svátek Sv. Ru... | Přemysl Otakar II. a Jan Lucemburský | 0.5 | |
| 7. | Ve kterém roce se odehrála bit... | 1620 | 1 | |
| 8. | Dva čeští vojáci, kteří se o m... | D | 1 | |
| 9. | Jedním z mála projevů vzdoru p... | Frýdek-Místek | 0 | |
| 10. | Poslední otázku věnujeme poráž... | 2000; Nizozemsko | 0.5 |